Análisis multivariante /

Contenido: I. Preparación para el Análisis multivariante: Análisis previo de datos; Análisis factorial. II. Técnicas de dependencia: Análisis de regresión múltiple; Validación avanzada en el análisis de regresión múltiple; Análisis discriminante múltiple y regresión logística; Análisis multivariante...

Бүрэн тодорхойлолт

-д хадгалсан:
Номзүйн дэлгэрэнгүй
Бусад зохиолчид: Hair, Joseph F. (autor) (autor)
Формат: Ном
Хэл сонгох:испани
Хэвлэсэн: Madrid, España : Prentice-Hall, 2007, c1999
Нөхцлүүд:
Шошгууд: Шошго нэмэх
Шошго байхгүй, Энэхүү баримтыг шошголох эхний хүн болох!

MARC

LEADER 00000nam^a2200000^a^4500
001 000142925
005 20250521000000.0
009 20260310095707.223
020 |a 84-8322-035-0 
020 |a 978-84-8322-035-1 
037 |a Acervo ITESO - Biblioteca 
041 |a ESP 
082 |a 519. 535  |b ANA 
245 0 0 |a Análisis multivariante /  |c J.F. Hair... [et al.] ; tr. por Esme Prentice, Diego Cano. 
264 4 |a Madrid, España :  |b Prentice-Hall,  |c 2007, c1999 
300 |a XXIV, 799 p. 
336 |a texto  |b txt  |2 rdacontenido 
337 |a sin mediación  |b n  |2 rdamedio 
338 |a volumen  |b nc  |2 rdasoporte 
500 |a Traducción de: Multivariate Data Analysis 
520 |a Contenido: I. Preparación para el Análisis multivariante: Análisis previo de datos; Análisis factorial. II. Técnicas de dependencia: Análisis de regresión múltiple; Validación avanzada en el análisis de regresión múltiple; Análisis discriminante múltiple y regresión logística; Análisis multivariante de la varianza; Análisis conjunto; Análisis de correlación canónica. III. Técnicas de interdependencia: Análisis cluster; Análisis multidimensional. IV. Técnicas avanzadas emergentes: Modelos de ecuaciones estructurales; Una representación matemática en notación LISREL; Medidas conjuntas de calidad del ajuste para modelos de ecuaciones estructurales; Nuevas técnicas del análisis multivariante. 
590 |a Traducción de la 5a edición en inglés 
649 |a XX 
650 |a Análisis Estadístico Multivariable -  |x Tema Principal 
650 |a Factoriales 
650 |a Análisis Combinatorio 
650 |a Análisis Factorial 
650 |a Análisis de Datos 
650 |a Regresión Múltiple 
650 |a Análisis de Regresión 
650 |a Análisis de Varianza 
650 |a Análisis Estadístico 
650 |a Estadística 
650 |a Matemáticas 
700 |a Hair, Joseph F.  |e (autor) 
910 |a Fondo General 
920 |a Impresos - Libros 
930 |a Colección General 
905 |a 101 
901 |a 0500219070  |b IT1  |c ACC  |i C136214  |u 20250521 
902 |a https://opac.biblio.iteso.mx/vufind/Record/000142925